100 things you shold know about weather (Record no. 11793)

MARC details
000 -LÍDER
campo de controle de tamanho fixo 00399 a2200157 4500
001 - NÚMERO DE CONTROLE
campo de controle 11793
020 ## - ISBN - INTERNATIONAL STANDARD BOOK NUMBER
ISBN - International Standard Book Number 9781842363584
040 ## - FONTE DA CATALOGAÇÃO
Instituição que transcreveu o registro Anchieta - Aquarius
100 ## - ENTRADA PRINCIPAL--NOME PESSOAL
Nome pessoal Oliver, Clare
240 10 - TÍTULO UNIFORME
Título uniforme 100 things you shold know about weather
Idioma da obra por
245 10 - TÍTULO
Título 100 things you shold know about weather
300 ## - DESCRIÇÃO FÍSICA
Extensão 48
362 0# - DATAS DE PUBLICAÇÃO E/OU DESIGNAÇÃO SEQUENCIAL
Datas de publicação e/ou designação sequencial 2008
650 #4 - ASSUNTO--TERMO TÓPICO
Cabeçalho tópico ou nome geográfico Literatura infanto-juvenil em inglês
942 ## - ELEMENTOS DE ENTRADA ADICIONADOS (KOHA)
Tipo de material Koha Livros
Holdings
Situação do descarte Situação das perdas Situação física Não pode ser emprestado Biblioteca de origem Biblioteca atual Data de aquisição Total de empréstimos Número de chamada completo Código de barras Devolução em Data de último acesso Data do último empréstimo Data do preço efetivo Tipo de material Koha
        Colégio Anchieta - Bela Vista Colégio Anchieta - Bela Vista 21/11/2023   028.573 J661 EDI 100 1061/BEL   21/11/2023   21/11/2023 Livros
        Colégio Anchieta - Bela Vista Colégio Anchieta - Bela Vista 21/11/2023   028.573 O484 EDI 100 1064/BEL   21/11/2023   21/11/2023 Livros
        Colégio São Paulo Colégio São Paulo 21/11/2023   028.573 EDI 100 3982/ITA   21/11/2023   21/11/2023 Livros
        Colégio Anchieta - Aquarius Inspira 21/11/2023 1 028.573 OLI 100 2681/AQU 18/04/2023 21/11/2023 21/11/2023 21/11/2023 Livros